| 000 | 00824nam a22001457a 4500 | ||
|---|---|---|---|
| 003 | NUST | ||
| 082 | _a621.395,MAN | ||
| 100 | _aMano, M. Morris | ||
| 245 |
_aDigital logic and computer design / _cM. Morris Mano. |
||
| 300 | _a611 p | ||
| 505 | _aBinary system (Page-1), Boolean algebra and logic gates (Page-34), Simplification of boolean functions (Page-72), Combinational logic (Page-116), Combinational logic with MSI and LSI (Page-154), Sequential logic (Page-202), Registers, counters and the memory unit (Page-256), Register transfer logic (Page-305), Processor logic design (Page-358), Control logic design (Page-407), Computer design (Page-459), Microcomputer system (Page-499), Digital integrated circuits (Page-556). | ||
| 650 |
_a Logic circuits _917982 |
||
| 651 |
_aLogic design _9106185 |
||
| 942 |
_2ddc _cBK |
||
| 999 |
_c592833 _d592833 |
||